Models of regulation in network industries (in the field of Slovak national electricity market)

Úrad regulácie sieťových odvetví a jeho ciele. Metodologické aspekty regulácie trhu s elektrinou. Vplyvy zmien regulovaných cien v energetike na výnosnosť priemyslu - analýza v niektorých priemyselných odvetviach v rokoch 2000-2004. Ďalšie problémy úplnej liberalizácie trhu.

Gespeichert in:
Bibliographische Detailangaben
1. Verfasser: Fendeková, Eleonora, 1952-
Weitere Verfasser: Fendek, Michal
Format: Buchkapitel
Sprache:Englisch
Schlagworte:
Tags: Tag hinzufügen
Keine Tags, Fügen Sie das erste Tag hinzu!

MARC

LEADER 00000naa$a2200000$$$4500
001 0050854
005 20240502083134.0
041 0 |a eng 
044 |a CZ 
245 1 0 |a Models of regulation in network industries (in the field of Slovak national electricity market)  |c Eleonora Fendeková, Michal Fendek 
520 |a Úrad regulácie sieťových odvetví a jeho ciele. Metodologické aspekty regulácie trhu s elektrinou. Vplyvy zmien regulovaných cien v energetike na výnosnosť priemyslu - analýza v niektorých priemyselných odvetviach v rokoch 2000-2004. Ďalšie problémy úplnej liberalizácie trhu. 
610 2 0 |a odvetvia sieťové 
610 2 0 |a odvetvia priemyselné 
610 2 0 |a energetika 
610 2 0 |a regulácia trhu 
610 2 0 |a ceny regulované 
610 2 0 |a zisk 
610 2 0 |a Slovensko 
100 1 |a Fendeková, Eleonora, 1952- 
700 1 |a Fendek, Michal